000 00449nam a2200181Ia 4500
005 20240823005446.0
008 240823s9999||||xx |||||||||||||| ||und||
041 _aENGLISH
082 _A621.436 N6
100 _a"Winden,John van"
245 0 _aRepair and Maintenence of Stationary Diesel Engines
250 _a1st
260 _c1996
_b"New Age,New Delhi"
500 _aLOST
650 _aEngine
_bMechanical
942 _cBK
999 _c155778
_d155778